Türkiye rant televizyonu TRT : (Record no. 13779)

MARC details
000 -BAŞLIK
Sabit Uzunlukta Kontrol Alanı 00803nam a22002417a 4500
999 ## - SİSTEM KONTROL NUMARALARI (KOHA)
Koha Biblionumber 13779
Koha Biblioitemnumber 13779
003 - KONTROL NUMARASI IDENTIFIER
Denetim Alanı MIRAKIL
005 - SON İŞLEM TARİHİ VE ZAMANI
Denetim Alanı 20211214000618.0
008 - SABİT-BOY VERİ ELEMANLARI - GENEL BİLGİLER
Sabit Uzunlukta Kontrol Alanı 200219b tu ||||| |||| 00| 0 tur d
020 ## - ULUSLARARASI STANDART KİTAP NUMARASI
Uluslararası Standart Kitap Numarası 9786055099053
040 ## - KATALOGLAMA KAYNAK
Orijinal Kataloglama Ajansı TR-AnCHP
Metne Dönüştürmek Ajansı TR-AnCHP
041 ## - DİL KODU
Metin / Ses Parça Veya Ayrı Başlığın Dil Kodu tur
082 ## - DEWEY ONLU SINIFLANDIRMA NUMARASI
Sınıflandırma Numarası 384.5509561
Ürün Numarası A71t [2013?]
100 ## - ANA GİRİŞ - KİŞİSEL İSİM
Kişisel Ad Aşçı, Mustafa
245 10 - BAŞLIK TABLOSU
Başlık Türkiye rant televizyonu TRT :
Başlığın Kalan çiftlikteki elektrik kaçağı /
Sorumluluk Tablosu, Vb Mustafa Aşçı.
246 ## - UNVAN FORM VARYING
Başlık Doğru / Kısa Başlığı çiftlikteki elektrik kaçağı
260 ## - YAYIN, DAĞITIM, VB
Yayın, Dağıtım, Vb Yeri İstanbul:
Yayıncı, Dağıtıcı, Vs Adı Puslu yayıncılık,
Yayın, Dağıtım, Vb Tarihi [2013?].
300 ## - FİZİKSEL TANIM
Kapsam 287 s.:
Boyutlar 21 sm.
490 0# - SERİSİ TABLOSU
Seri Beyanı Puslu yayıncılık;
-- İnceleme-araştırma;
Hacim / Ardışık Tanımı 29.
-- 1.
650 #0 - KONU KATMA GİRİŞ - TOPİKAL DÖNEM
Topikal Süreli Veya Coğrafi Ad Giriş Elemanı Siyaset ve yönetim
Genel Alt Bölümü Türkiye
9 (RLIN) 9
650 #0 - KONU KATMA GİRİŞ - TOPİKAL DÖNEM
9 (RLIN) 6292
Topikal Süreli Veya Coğrafi Ad Giriş Elemanı Basın
Genel Alt Bölümü yolsuzluklar
Coğrafi Alt Bölümü Türkiye
740 ## - KATMA GİRİŞ - KONTROLSUZ İLGİLİ / ANALİTİK BAŞLIK
Kontrol Edilmeyen / İlgili Analitik Başlıktaki çiftlikteki elektrik kaçağı
942 ## - EKLENDİ GİRİŞ ELEMANLARI (KOHA)
Sınıflandırma Veya Raf Düzeni Kaynak Dewey Decimal Classification
Koha Öğesi Türü Books
Holdings
Kalıcı Konum Mevcut Konum Edinme Tarihi Toplam Check-Out'Lar Tam Çağrı Numarası Barkod Tarih Son Görülme İtibaren Geçerli Fiyatlar Koha Öğesi Türü
CHP Kütüphanesi CHP Kütüphanesi 02/19/2020   384.5509561 A71t [2013?] 017468 02/19/2020 02/19/2020 Books